Holiday Quiz

Random Holiday or Clickable Quiz

Friday and 13: The Clickable Love Story Quiz Stats

 Plays Quiz Updated Mar 13, 2015

Challenge
Share
Tweet
Embed
Score 0/13 Timer 01:30
0 Plays Today
% Correct
Apollo 13
96%
13th Amendment
93.1%
The Original Thirteen Colonies
92.1%
Black Friday
91.5%
Good Friday
90.8%
T. G. I. Fridays
90.5%
Friday the 13th
90.3%
Thirteenth Floor
89.2%
PG-13
87.5%
Friday, I'm in Love
84.2%
13 Going on 30
83.9%
Freaky Friday
83%
Friday Night Lights
81.6%

You're not logged in!

Compare scores with friends on all Sporcle quizzes.
Join for Free
OR
Log In

You Might Also Like...

Show Comments

Extras

Top Quizzes Today


Score Distribution

Your Account Isn't Verified!

In order to create a playlist on Sporcle, you need to verify the email address you used during registration. Go to your Sporcle Settings to finish the process.

Report this User

Report this user for behavior that violates our Community Guidelines.

Details: